[Event "2021 FIDE Online Olympiad"]
[Site "Chess.com"]
[Date "2021.08.28"]
[Round "5.4"]
[White "Pires, Luzia"]
[Black "Faqeeh, Rahaf"]
[Result "1-0"]
[WhiteElo "1655"]
[BlackElo "1444"]
[PlyCount "105"]
[EventDate "2021.08.27"]
[EventType "team"]
[EventRounds "9"]
[SourceVersionDate "2018.05.14"]
[WhiteTeam "Angola"]
[BlackTeam "Palestine"]
[WhiteTeamCountry "ANG"]
[BlackTeamCountry "PLE"]

1. Nf3 Nf6 2. g3 g6 3. Bg2 Bg7 4. O-O O-O 5. c4 c5 6. d4 cxd4 7. Nxd4 Nc6 8. e3
e5 9. Nf3 d5 10. cxd5 Nxd5 11. Nxe5 Bxe5 12. Qxd5 Qxd5 13. Bxd5 Nb4 14. Bb3 Nd3
15. Nc3 Bf5 16. e4 Be6 17. Bd5 Bxd5 18. Nxd5 Rad8 19. Bh6 Rfe8 20. f3 Bd4+ 21.
Kg2 Bxb2 22. Rab1 Bg7 23. Bxg7 Kxg7 24. Rxb7 a6 25. Ra7 Nc5 26. Rc1 Nd3 27.
Rcc7 Rf8 28. Rxa6 Rb8 29. Nf4 Ne5 30. Ne6+ Kh6 31. Nxf8 Rxf8 32. f4 Nd3 33.
Raa7 Rb8 34. Rxf7 Rb2+ 35. Kf3 Ne1+ 36. Ke3 Kh5 37. h3 h6 38. Ra5+ g5 39. fxg5
hxg5 40. Rff5 Ng2+ 41. Kd3 Ne1+ 42. Kc3 Rc2+ 43. Kb3 Re2 44. Rxg5+ Kh6 45. Rh5+
Kg6 46. Rag5+ Kf6 47. Rf5+ Kg6 48. Rhg5+ Kh6 49. h4 Re3+ 50. Kb4 Rxe4+ 51. Kb5
Re6 52. Re5 Rd6 53. Rxe1 1-0

[Event "2021 FIDE Online Olympiad"]
[Site "Chess.com"]
[Date "2021.08.28"]
[Round "5.5"]
[White "Mohamad, Seder"]
[Black "Junior, Domingos"]
[Result "0-1"]
[WhiteElo "1699"]
[BlackElo "1874"]
[PlyCount "64"]
[EventDate "2021.08.27"]
[EventType "team"]
[EventRounds "9"]
[SourceVersionDate "2018.05.14"]
[WhiteTeam "Palestine"]
[BlackTeam "Angola"]
[WhiteTeamCountry "PLE"]
[BlackTeamCountry "ANG"]

1. e4 c6 2. d4 d5 3. exd5 cxd5 4. c4 Nf6 5. Nc3 e6 6. Nf3 Bb4 7. c5 Bxc3+ 8.
bxc3 Ne4 9. Qc2 O-O 10. Bd3 f5 11. O-O b6 12. cxb6 axb6 13. a4 Ba6 14. Ne5 Bxd3
15. Qxd3 Nd7 16. f4 Nxe5 17. fxe5 Qd7 18. Qc2 Rfc8 19. Rf3 Rc4 20. Qb3 Qc6 21.
a5 bxa5 22. Ra3 Rxd4 23. g4 fxg4 24. Rxa5 gxf3 25. Rxa8+ Qxa8 26. cxd4 f2+ 27.
Kg2 Qe8 28. Bg5 h6 29. h4 hxg5 30. hxg5 f1=Q+ 31. Kh2 Qh5+ 32. Qh3 Qhxh3# 0-1

[Event "2021 FIDE Online Olympiad"]
[Site "Chess.com"]
[Date "2021.08.28"]
[Round "5.6"]
[White "Paulo, Jemima"]
[Black "Sawan, Eman"]
[Result "1-0"]
[WhiteElo "1754"]
[BlackElo "1000"]
[PlyCount "50"]
[EventDate "2021.08.27"]
[EventType "team"]
[EventRounds "9"]
[SourceVersionDate "2018.05.14"]
[WhiteTeam "Angola"]
[BlackTeam "Palestine"]
[WhiteTeamCountry "ANG"]
[BlackTeamCountry "PLE"]

1. c4 Nf6 2. Nc3 g6 3. Nf3 Bg7 4. d4 O-O 5. g3 d6 6. Bg2 Nbd7 7. O-O e5 8. e4
h6 9. Bd2 exd4 10. Nxd4 Nc5 11. Nb3 Nxb3 12. Qxb3 Rb8 13. Rac1 Be6 14. Nd5 Nd7
15. Qc2 f5 16. Nf4 Qf6 17. Nxe6 Qxe6 18. exf5 Qxf5 19. Be4 Qf6 20. Rce1 Qxb2
21. Bd5+ Kh7 22. Qxb2 Bxb2 23. Re7+ Bg7 24. Rxd7 Kh8 25. Re1 Bf6 1-0

[Event "2021 FIDE Online Olympiad"]
[Site "Chess.com"]
[Date "2021.08.28"]
[Round "5.1"]
[White "Jere, Daniel"]
[Black "Mohamed Saeed, Laily"]
[Result "1-0"]
[WhiteElo "2397"]
[BlackElo "1591"]
[PlyCount "62"]
[EventDate "2021.08.27"]
[EventType "team"]
[EventRounds "9"]
[SourceVersionDate "2018.05.14"]
[WhiteTeam "Zambia"]
[BlackTeam "United Arab Emirates"]
[WhiteTeamCountry "ZAM"]
[BlackTeamCountry "UAE"]

1. c4 e6 2. g3 d5 3. Bg2 Nf6 4. Nf3 Be7 5. O-O O-O 6. b3 d4 7. Bb2 Nc6 8. e3 e5
9. exd4 exd4 10. d3 h6 11. a3 a5 12. Re1 Bf5 13. Ne5 Nxe5 14. Rxe5 Bc8 15. Nd2
Bd6 16. Re1 c5 17. Qc2 Qc7 18. b4 a4 19. Nf3 Rd8 20. bxc5 Bxc5 21. Bc1 Bf5 22.
Bf4 Bd6 23. Nxd4 Bxf4 24. Nxf5 Be5 25. Rab1 Rab8 26. Rb5 Nd7 27. Ne7+ Kf8 28.
Nd5 Qd6 29. c5 Qa6 30. Qc4 Rbc8 31. Bh3 Bb2 1-0

[Event "2021 FIDE Online Olympiad"]
[Site "Chess.com"]
[Date "2021.08.28"]
[Round "5.2"]
[White "Abdulrahman Mohammad, Al Taher"]
[Black "Simutowe, Musatwe"]
[Result "0-1"]
[WhiteElo "1412"]
[BlackElo "2101"]
[PlyCount "76"]
[EventDate "2021.08.27"]
[EventType "team"]
[EventRounds "9"]
[SourceVersionDate "2018.05.14"]
[WhiteTeam "United Arab Emirates"]
[BlackTeam "Zambia"]
[WhiteTeamCountry "UAE"]
[BlackTeamCountry "ZAM"]

1. d4 d5 2. c4 c6 3. Nc3 Nf6 4. e3 e6 5. Nf3 Nbd7 6. Bd3 dxc4 7. Bxc4 b5 8. Bd3
Bb7 9. O-O a6 10. e4 c5 11. d5 c4 12. Bc2 Qc7 13. Re1 Bc5 14. g3 O-O 15. Bf4
Qb6 16. Rf1 Rad8 17. e5 Nxd5 18. Bxh7+ Kxh7 19. Ng5+ Kg8 20. Qh5 N5f6 21. exf6
Nxf6 22. Qh3 Bd6 23. Be3 Qc7 24. Rad1 b4 25. Ne2 Qc6 26. f3 Bc5 27. Nd4 Qb6 28.
Qh4 e5 29. Nf5 Bxe3+ 30. Kg2 Qc5 31. Rd6 Qxd6 32. Nxd6 Rxd6 33. Ne4 Nxe4 34.
fxe4 c3 35. bxc3 bxc3 36. Kf3 Bh6 37. Qe7 Rf6+ 38. Kg2 Bxe4+ 0-1

[Event "2021 FIDE Online Olympiad"]
[Site "Chess.com"]
[Date "2021.08.28"]
[Round "5.3"]
[White "Mbatha, Constance"]
[Black "Fatima, Saif Al-Ali"]
[Result "0-1"]
[WhiteElo "1705"]
[BlackElo "1313"]
[PlyCount "90"]
[EventDate "2021.08.27"]
[EventType "team"]
[EventRounds "9"]
[SourceVersionDate "2018.05.14"]
[WhiteTeam "Zambia"]
[BlackTeam "United Arab Emirates"]
[WhiteTeamCountry "ZAM"]
[BlackTeamCountry "UAE"]

1. e4 c6 2. d4 d5 3. exd5 cxd5 4. Nf3 Nf6 5. Nc3 Nc6 6. Be2 g6 7. O-O Bg7 8.
Be3 O-O 9. a3 Qc7 10. Rc1 e6 11. g3 a6 12. Na2 b5 13. c3 Bb7 14. Nb4 Nxb4 15.
cxb4 Qe7 16. Rc5 Ne4 17. Rc2 Rac8 18. Bd3 Rxc2 19. Bxc2 Nd6 20. Bb3 Rc8 21. Qd2
Nc4 22. Bxc4 dxc4 23. Rc1 Bxf3 24. Re1 Qb7 25. Bf4 Bh1 26. f3 Qxf3 27. Be5 Bh6
28. Qf2 Qxf2+ 29. Kxf2 Bd5 30. h4 Bg7 31. Bxg7 Kxg7 32. g4 c3 33. bxc3 Rxc3 34.
Re3 Rc4 35. Rd3 Be4 36. Rd2 Bd5 37. Ke3 Rc3+ 38. Kf4 Rxa3 39. g5 Rh3 40. Ke5
Rxh4 41. Rf2 Rg4 42. Kd6 Rxg5 43. Ke7 Rf5 44. Rc2 Bc4 45. Ra2 Bxa2 0-1

[Event "2021 FIDE Online Olympiad"]
[Site "Chess.com"]
[Date "2021.08.28"]
[Round "5.4"]
[White "Latifah, Darmaki"]
[Black "Mwilola, Phylis Namasiku"]
[Result "1/2-1/2"]
[WhiteElo "1299"]
[BlackElo "1429"]
[PlyCount "66"]
[EventDate "2021.08.27"]
[EventType "team"]
[EventRounds "9"]
[SourceVersionDate "2018.05.14"]
[WhiteTeam "United Arab Emirates"]
[BlackTeam "Zambia"]
[WhiteTeamCountry "UAE"]
[BlackTeamCountry "ZAM"]

1. e4 d5 2. exd5 Qxd5 3. Nc3 Qa5 4. d4 c6 5. Bc4 Bf5 6. Bd2 Qc7 7. Nf3 h6 8.
O-O e6 9. Re1 Nf6 10. Nh4 Bh7 11. Qf3 Be7 12. Qh3 Bxc2 13. Bxe6 g5 14. Bxf7+
Kxf7 15. Qe6+ Kf8 16. Ne4 Bxe4 17. Rxe4 gxh4 18. Rxh4 Qd7 19. Qe2 Qf5 20. Re1
Qd7 21. Rf4 Rh7 22. g3 Rf7 23. Qf3 Na6 24. d5 cxd5 25. Bc3 Qd6 26. Be5 Qc6 27.
Rf5 Re8 28. Qf4 Bd8 29. Qxh6+ Rg7 30. Qh8+ Rg8 31. Qh6+ Rg7 32. Qh8+ Rg8 33.
Qh6+ Rg7 1/2-1/2

[Event "2021 FIDE Online Olympiad"]
[Site "Chess.com"]
[Date "2021.08.28"]
[Round "5.5"]
[White "Mumba, Samuel"]
[Black "Al Darmaky, Sultan"]
[Result "1-0"]
[WhiteElo "1947"]
[BlackElo "1588"]
[PlyCount "85"]
[EventDate "2021.08.27"]
[EventType "team"]
[EventRounds "9"]
[SourceVersionDate "2018.05.14"]
[WhiteTeam "Zambia"]
[BlackTeam "United Arab Emirates"]
[WhiteTeamCountry "ZAM"]
[BlackTeamCountry "UAE"]

1. e4 c5 2. Nf3 d6 3. Bb5+ Bd7 4. Bxd7+ Qxd7 5. O-O Nf6 6. Qe2 Nc6 7. c3 e6 8.
d4 cxd4 9. cxd4 d5 10. e5 Ne4 11. Nbd2 Nxd2 12. Bxd2 Be7 13. a3 a5 14. b4 O-O
15. b5 Na7 16. a4 Nc8 17. Qe1 Bd8 18. Bc3 Bb6 19. Nd2 Ne7 20. Nb3 Nf5 21. Qd2
Rfc8 22. Qb2 Rc4 23. Rfd1 Qd8 24. Qd2 Rac8 25. Bxa5 Bxa5 26. Qxa5 b6 27. Qd2
Rc2 28. Qf4 Rb2 29. Rdb1 Rcc2 30. Rxb2 Rxb2 31. Qf3 Qc7 32. Qd3 h5 33. g3 Qc4
34. Qxc4 dxc4 35. a5 bxa5 36. Nxa5 c3 37. Rc1 Nxd4 38. Kg2 Ne2 39. Re1 c2 40.
Nc4 Rxb5 41. Na3 Rb3 42. Nxc2 Nc3 43. Re3 1-0

[Event "2021 FIDE Online Olympiad"]
[Site "Chess.com"]
[Date "2021.08.28"]
[Round "5.6"]
[White "Rouda Essa, Alserkal"]
[Black "Bwalya Mulwale, Lubuuto"]
[Result "0-1"]
[WhiteElo "1295"]
[BlackElo "1702"]
[PlyCount "102"]
[EventDate "2021.08.27"]
[EventType "team"]
[EventRounds "9"]
[SourceVersionDate "2018.05.14"]
[WhiteTeam "United Arab Emirates"]
[BlackTeam "Zambia"]
[WhiteTeamCountry "UAE"]
[BlackTeamCountry "ZAM"]

1. e4 c5 2. Nf3 Nc6 3. c3 Nf6 4. e5 Nd5 5. d4 cxd4 6. cxd4 e6 7. Bc4 Nb6 8. Bd3
d5 9. a3 Be7 10. O-O O-O 11. Bc2 Bd7 12. Qd3 g6 13. Nbd2 Rc8 14. Nb3 Nc4 15.
Re1 Qc7 16. Rb1 Rfd8 17. Ng5 Bf8 18. Ne4 dxe4 19. Qxc4 Nxe5 20. Qxc7 Rxc7 21.
Bxe4 Nc4 22. Bf4 Bd6 23. Bg5 Rdc8 24. Bf6 Bc6 25. Bxc6 Rxc6 26. Red1 Nb6 27.
Rbc1 Rxc1 28. Rxc1 Rxc1+ 29. Nxc1 Na4 30. Nd3 Kf8 31. Kf1 Ke8 32. Ke2 Kd7 33.
g3 Kc6 34. Ke3 Kd5 35. f4 a6 36. Bg7 h5 37. h4 Nb6 38. Kd2 Nc4+ 39. Kc3 Ne3 40.
Nc1 Nf5 41. Be5 Bxe5 42. dxe5 Nxg3 43. Kd3 Nf5 44. Ne2 Nxh4 45. Nc3+ Kc6 46.
Ne4 Nf5 47. Ng5 h4 48. Ke4 h3 49. Nxh3 Kb5 50. Ng5 Nh6 51. Kd3 Ka4 0-1

[Event "2021 FIDE Online Olympiad"]
[Site "Chess.com"]
[Date "2021.08.28"]
[Round "5.1"]
[White "Oatlhotse, Providence"]
[Black "Kigigha, Bomo"]
[Result "1-0"]
[WhiteElo "2182"]
[BlackElo "2314"]
[PlyCount "39"]
[EventDate "2021.08.27"]
[EventType "team"]
[EventRounds "9"]
[SourceVersionDate "2018.05.14"]
[WhiteTeam "Botswana"]
[BlackTeam "Nigeria"]
[WhiteTeamCountry "BOT"]
[BlackTeamCountry "NGR"]

1. Nf3 Nf6 2. d4 c5 3. d5 g6 4. Nc3 Bg7 5. e4 d6 6. Bb5+ Nfd7 7. a4 O-O 8. O-O
b6 9. Re1 Na6 10. Bc6 Rb8 11. Nb5 Nf6 12. Nxa7 Nb4 13. c3 Na6 14. Bb5 Qc7 15.
Nc6 Ra8 16. e5 dxe5 17. Nfxe5 Bb7 18. Bf4 Nh5 19. Nxg6 Nxf4 20. Ncxe7+ 1-0

[Event "2021 FIDE Online Olympiad"]
[Site "Chess.com"]
[Date "2021.08.28"]
[Round "5.2"]
[White "Osunfuyi, Abimbola"]
[Black "Rongwane, Gomolemo"]
[Result "1-0"]
[WhiteElo "2305"]
[BlackElo "2085"]
[PlyCount "69"]
[EventDate "2021.08.27"]
[EventType "team"]
[EventRounds "9"]
[SourceVersionDate "2018.05.14"]
[WhiteTeam "Nigeria"]
[BlackTeam "Botswana"]
[WhiteTeamCountry "NGR"]
[BlackTeamCountry "BOT"]

1. c4 Nf6 2. g3 g6 3. Bg2 Bg7 4. Nc3 O-O 5. e4 d6 6. Nge2 e5 7. O-O c5 8. d3
Nc6 9. h3 h6 10. Rb1 Ne8 11. a3 a5 12. Be3 Nc7 13. Qd2 Kh7 14. f4 Rb8 15. f5 g5
16. Rf2 f6 17. h4 Rh8 18. Rbf1 Kg8 19. Bf3 Bd7 20. Bh5 Kf8 21. Rh2 Be8 22. Bxe8
Qxe8 23. Nd5 Qf7 24. Nxc7 Qxc7 25. Nc3 Ne7 26. Nb5 Qd8 27. hxg5 hxg5 28. Bxg5
Nc6 29. Rxh8+ Bxh8 30. Qh2 Bg7 31. Qh7 fxg5 32. f6 Bxf6 33. Qg6 Ke7 34. Qxf6+
Kd7 35. Qxd6+ 1-0

[Event "2021 FIDE Online Olympiad"]
[Site "Chess.com"]
[Date "2021.08.28"]
[Round "5.3"]
[White "Gabatshwarwe, Refilwe"]
[Black "Samson, Peace"]
[Result "1/2-1/2"]
[WhiteElo "1667"]
[BlackElo "1828"]
[PlyCount "184"]
[EventDate "2021.08.27"]
[EventType "team"]
[EventRounds "9"]
[SourceVersionDate "2018.05.14"]
[WhiteTeam "Botswana"]
[BlackTeam "Nigeria"]
[WhiteTeamCountry "BOT"]
[BlackTeamCountry "NGR"]

1. d4 d5 2. Bf4 Nf6 3. e3 g6 4. Nf3 Bg7 5. Bd3 c6 6. c3 Qb6 7. Qb3 Qxb3 8. axb3
O-O 9. Bxb8 Rxb8 10. Rxa7 Bg4 11. Nbd2 Rfe8 12. h3 Bd7 13. Ne5 Be6 14. O-O Nd7
15. Nxd7 Bxd7 16. e4 e5 17. dxe5 Bxe5 18. exd5 cxd5 19. Nf3 Bd6 20. b4 Bc6 21.
Nd4 Bd7 22. Rd1 Be5 23. Nf3 Bf4 24. Bf1 Bc6 25. b5 Bd7 26. Rxd5 Bf5 27. Rd4 Bc7
28. Rd2 Bf4 29. Re2 Be4 30. Ra1 f5 31. Nd2 Bd5 32. Rae1 Red8 33. Nf3 Be4 34. h4
h6 35. Nd4 Be5 36. f3 Bxd4+ 37. cxd4 Bd3 38. Re6 Bxf1 39. Kxf1 Rxd4 40. Rxg6+
Kh7 41. Rf6 Rxh4 42. Re7+ Kg8 43. Rxf5 Rb4 44. Re2 Rf8 45. Rxf8+ Kxf8 46. Kf2
Rxb5 47. Kg3 Kf7 48. f4 Rb3+ 49. Kg4 Rb5 50. g3 h5+ 51. Kh4 Kf6 52. g4 hxg4 53.
Kxg4 b6 54. Rc2 Ke6 55. f5+ Rxf5 56. Rc6+ Ke5 57. Rxb6 Rf2 58. Kg3 Rc2 59. Kf3
Kd4 60. Rb8 Kd5 61. Ke3 Kd6 62. Kd3 Rc6 63. Rh8 Kc7 64. Rh4 Kb6 65. Rc4 Rd6+
66. Kc3 Kb5 67. Rc8 Rd1 68. Kc2 Rd6 69. Kc3 Rd1 70. Kb3 Rd3+ 71. Ka2 Ka4 72.
b3+ Kb4 73. Rb8+ Ka5 74. Ka3 Rg3 75. Rf8 Re3 76. Rf5+ Kb6 77. Ka4 Ka6 78. b4
Re1 79. Rf6+ Kb7 80. Ka5 Ra1+ 81. Kb5 Rb1 82. Rf7+ Kc8 83. Ka5 Ra1+ 84. Kb6 Rb1
85. b5 Rb3 86. Rc7+ Kb8 87. Rc5 Rb4 88. Kc6 Ka7 89. Kc7 Rb2 90. b6+ Rxb6 91.
Ra5+ Ra6 92. Rxa6+ Kxa6 1/2-1/2

[Event "2021 FIDE Online Olympiad"]
[Site "Chess.com"]
[Date "2021.08.28"]
[Round "5.4"]
[White "Ogbiyoyo, Perpetual Eloho"]
[Black "Besa, Masaiti"]
[Result "1-0"]
[WhiteElo "1792"]
[BlackElo "1774"]
[PlyCount "57"]
[EventDate "2021.08.27"]
[EventType "team"]
[EventRounds "9"]
[SourceVersionDate "2018.05.14"]
[WhiteTeam "Nigeria"]
[BlackTeam "Botswana"]
[WhiteTeamCountry "NGR"]
[BlackTeamCountry "BOT"]

1. e4 c5 2. Nc3 Nc6 3. f4 g6 4. Nf3 Bg7 5. Bc4 d6 6. h3 Nf6 7. d3 a6 8. a4 Bd7
9. O-O O-O 10. e5 dxe5 11. fxe5 Ne8 12. e6 Bxe6 13. Bxe6 fxe6 14. Ng5 Nc7 15.
Rxf8+ Qxf8 16. Be3 Bd4 17. Qe2 Qf5 18. Rf1 Qxg5 19. Bxd4 Nxd4 20. Qf2 Nf5 21.
g4 Nd6 22. Nd1 b6 23. Ne3 Qf6 24. Qd2 Qxb2 25. Qf2 Qf6 26. Qd2 Qh4 27. Kh2 Rf8
28. Ng2 Rf2 29. Rxf2 1-0

[Event "2021 FIDE Online Olympiad"]
[Site "Chess.com"]
[Date "2021.08.28"]
[Round "5.5"]
[White "Selogelo, Othata"]
[Black "Okemakinde, Toluwanimi"]
[Result "0-1"]
[WhiteElo "1707"]
[BlackElo "1975"]
[PlyCount "64"]
[EventDate "2021.08.27"]
[EventType "team"]
[EventRounds "9"]
[SourceVersionDate "2018.05.14"]
[WhiteTeam "Botswana"]
[BlackTeam "Nigeria"]
[WhiteTeamCountry "BOT"]
[BlackTeamCountry "NGR"]

1. e4 e5 2. Nf3 Nc6 3. Bc4 Bc5 4. b4 Bxb4 5. c3 Bd6 6. d4 Nf6 7. O-O O-O 8.
dxe5 Nxe5 9. Nxe5 Bxe5 10. f4 Bd6 11. Kh1 Nxe4 12. Bd3 Re8 13. Qc2 Nf6 14. Nd2
Qe7 15. Nc4 Bc5 16. Bd2 d6 17. Rae1 Qf8 18. Rxe8 Qxe8 19. Re1 Qf8 20. Ne3 Bd7
21. h3 Re8 22. Nf5 Rxe1+ 23. Bxe1 Bxf5 24. Bxf5 g6 25. Bh4 Nd5 26. Be4 Nxf4 27.
Bxb7 Qe8 28. Bf3 Qe3 29. Qb1 Nxh3 30. Bf6 Nf2+ 31. Kh2 Qf4+ 32. g3 Qxf6 0-1

[Event "2021 FIDE Online Olympiad"]
[Site "Chess.com"]
[Date "2021.08.28"]
[Round "5.6"]
[White "Pelomoh, Jessica"]
[Black "Marape, Naledi"]
[Result "1-0"]
[WhiteElo "1737"]
[BlackElo "1629"]
[PlyCount "107"]
[EventDate "2021.08.27"]
[EventType "team"]
[EventRounds "9"]
[SourceVersionDate "2018.05.14"]
[WhiteTeam "Nigeria"]
[BlackTeam "Botswana"]
[WhiteTeamCountry "NGR"]
[BlackTeamCountry "BOT"]

1. d4 Nf6 2. Nf3 g6 3. Bf4 Bg7 4. e3 O-O 5. h3 d6 6. c4 Nbd7 7. Nc3 Re8 8. Be2
e5 9. dxe5 dxe5 10. Nxe5 Nxe5 11. Qxd8 Rxd8 12. Bxe5 c6 13. O-O Bf5 14. Rad1
Bc2 15. Rc1 Rd2 16. Bd1 Bxd1 17. Nxd1 Rad8 18. a3 Ne4 19. Bxg7 Kxg7 20. b3 Nc5
21. b4 Ne4 22. Nc3 Nxc3 23. Rxc3 Ra2 24. g3 Kf6 25. Kg2 Rdd2 26. c5 Ke5 27. Kf3
f5 28. g4 fxg4+ 29. hxg4 g5 30. Kg3 Ke4 31. f3+ Kd5 32. f4 Rg2+ 33. Kf3 gxf4
34. exf4 Rh2 35. Rd1+ Ke6 36. Re3+ Kf6 37. Rd6+ Kf7 38. Ke4 h5 39. g5 Rhg2 40.
Kf5 Rad2 41. Red3 Rxd3 42. Rxd3 Rf2 43. Rh3 Rd2 44. Rxh5 Rd5+ 45. Kg4 Kg6 46.
Rh6+ Kg7 47. Rd6 Kf7 48. g6+ Kg7 49. f5 Kh6 50. Rxd5 cxd5 51. Kf4 Kg7 52. b5
Kf6 53. c6 bxc6 54. bxc6 1-0

[Event "2021 FIDE Online Olympiad"]
[Site "Chess.com"]
[Date "2021.08.28"]
[Round "6.1"]
[White "Kigigha, Bomo"]
[Black "Blackburn, Jonathan L B"]
[Result "0-1"]
[WhiteElo "2314"]
[BlackElo "2195"]
[PlyCount "51"]
[EventDate "2021.08.27"]
[EventType "team"]
[EventRounds "9"]
[SourceVersionDate "2018.05.14"]
[WhiteTeam "Nigeria"]
[BlackTeam "Wales"]
[WhiteTeamCountry "NGR"]
[BlackTeamCountry "WLS"]

1. c4 g6 2. g3 Bg7 3. Bg2 c5 4. Nc3 Nc6 5. a3 d6 6. Rb1 Bf5 7. d3 Rb8 8. Bd2
Nf6 9. b4 O-O 10. bxc5 dxc5 11. Nf3 Qd7 12. h3 h6 13. g4 Be6 14. Bf4 Rbd8 15.
Qd2 Kh7 16. g5 Nh5 17. gxh6 Nxf4 18. hxg7 Nxg2+ 19. Kf1 Kxg7 20. Kxg2 Rh8 21.
h4 b6 22. h5 Rh6 23. Rbg1 Rdh8 24. hxg6 Bh3+ 25. Kh2 Bf1+ 26. Kg3 0-1

[Event "2021 FIDE Online Olympiad"]
[Site "Chess.com"]
[Date "2021.08.28"]
[Round "6.2"]
[White "Toczek, Grzegorz"]
[Black "Osunfuyi, Abimbola"]
[Result "1-0"]
[WhiteElo "2240"]
[BlackElo "2305"]
[PlyCount "103"]
[EventDate "2021.08.27"]
[EventType "team"]
[EventRounds "9"]
[SourceVersionDate "2018.05.14"]
[WhiteTeam "Wales"]
[BlackTeam "Nigeria"]
[WhiteTeamCountry "WLS"]
[BlackTeamCountry "NGR"]

1. e4 c5 2. c3 Nf6 3. e5 Nd5 4. d4 cxd4 5. Nf3 e6 6. cxd4 Nc6 7. Bc4 Nb6 8. Bd3
d6 9. O-O Be7 10. Nc3 Bd7 11. exd6 Bxd6 12. Qe2 Nb4 13. Bb1 Be7 14. Ne5 Nc6 15.
Rd1 O-O 16. Rd3 Be8 17. Rh3 g6 18. Qe3 Bg5 19. Qxg5 Qxg5 20. Bxg5 f6 21. Nxc6
fxg5 22. Ne5 Rd8 23. Rd3 Rf4 24. Bc2 Rfxd4 25. Rxd4 Rxd4 26. Rd1 Rxd1+ 27. Bxd1
Nc8 28. Bb3 Bf7 29. Ne4 h6 30. Nc5 b6 31. Nxe6 Nd6 32. Nxf7 Kxf7 33. Nxg5+ Kf6
34. Nf3 b5 35. Kf1 a5 36. a3 g5 37. h3 Ne4 38. Ke2 h5 39. Ke3 Nc5 40. Bc2 g4
41. hxg4 hxg4 42. Nd2 Ke5 43. f4+ gxf3 44. gxf3 Ne6 45. Bd3 Nc7 46. f4+ Kd5 47.
Be4+ Kc5 48. f5 b4 49. a4 b3 50. Nxb3+ Kb4 51. Nd4 Kxa4 52. f6 1-0

[Event "2021 FIDE Online Olympiad"]
[Site "Chess.com"]
[Date "2021.08.28"]
[Round "6.3"]
[White "Samson, Peace"]
[Black "Smith, Olivia"]
[Result "1/2-1/2"]
[WhiteElo "1828"]
[BlackElo "1957"]
[PlyCount "78"]
[EventDate "2021.08.27"]
[EventType "team"]
[EventRounds "9"]
[SourceVersionDate "2018.05.14"]
[WhiteTeam "Nigeria"]
[BlackTeam "Wales"]
[WhiteTeamCountry "NGR"]
[BlackTeamCountry "WLS"]

1. e4 e5 2. Nf3 Nf6 3. Nc3 Bb4 4. d3 d5 5. exd5 Nxd5 6. Bd2 Nc6 7. Nxd5 Bxd2+
8. Qxd2 Qxd5 9. Be2 O-O 10. O-O h6 11. h3 Bf5 12. a3 Rad8 13. Rad1 Rfe8 14. Qc3
Nd4 15. Nxd4 exd4 16. Qd2 Qd6 17. Bf3 c6 18. Qa5 Qg6 19. Qxa7 Bxh3 20. Qxb7 c5
21. Qc7 Rc8 22. Qh2 Bg4 23. Bxg4 Qxg4 24. Rfe1 Re6 25. f3 Qf5 26. Qg3 Rce8 27.
Rxe6 Qxe6 28. Qf2 Qa2 29. Re1 Rxe1+ 30. Qxe1 Qxb2 31. Qe8+ Kh7 32. Qxf7 Qxa3
33. Qf5+ Kg8 34. Qe6+ Kh8 35. Qe8+ Kh7 36. Qe4+ Kg8 37. Qe8+ Kh7 38. Qe4+ Kh8
39. Qe8+ Kh7 1/2-1/2

[Event "2021 FIDE Online Olympiad"]
[Site "Chess.com"]
[Date "2021.08.28"]
[Round "6.4"]
[White "Chong, Kimberly"]
[Black "Ogbiyoyo, Perpetual Eloho"]
[Result "1-0"]
[WhiteElo "1790"]
[BlackElo "1792"]
[PlyCount "121"]
[EventDate "2021.08.27"]
[EventType "team"]
[EventRounds "9"]
[SourceVersionDate "2018.05.14"]
[WhiteTeam "Wales"]
[BlackTeam "Nigeria"]
[WhiteTeamCountry "WLS"]
[BlackTeamCountry "NGR"]

1. e4 e5 2. Nf3 Nc6 3. Bc4 Bc5 4. O-O d6 5. h3 Nf6 6. d3 h6 7. c3 O-O 8. d4 Bb6
9. Re1 Qe7 10. d5 Nd8 11. a4 a6 12. b4 Nh7 13. Nbd2 f5 14. exf5 Bxf5 15. Ne4
Nf7 16. Ng3 Bd7 17. Be3 Bxe3 18. Rxe3 Nfg5 19. Nd4 Qf6 20. Nf3 Bxh3 21. Qd2 Bg4
22. Nh2 Bd7 23. Bd3 Rae8 24. Bxh7+ Kxh7 25. Nf3 Qg6 26. Nh4 Qf7 27. a5 g6 28.
Nf3 Qe7 29. Rae1 Nxf3+ 30. Rxf3 Rxf3 31. gxf3 Rf8 32. f4 Qf6 33. fxe5 dxe5 34.
Ne4 Qf3 35. Qe3 Qxe3 36. Rxe3 Rf5 37. Nc5 Bc8 38. Nd3 e4 39. Rxe4 Rxd5 40. Re7+
Kg8 41. Re8+ Kf7 42. Rxc8 Rxd3 43. Rxc7+ Kf6 44. Rxb7 Rxc3 45. Rb6+ Kg5 46.
Rxa6 Rb3 47. Rb6 h5 48. a6 h4 49. a7 Ra3 50. Rb7 Kg4 51. Kh2 Ra2 52. Rf7 g5 53.
b5 Kh5 54. b6 g4 55. Kg1 Ra1+ 56. Kg2 Ra2 57. Rf8 g3 58. a8=Q Rxa8 59. Rxa8 Kg4
60. Rg8+ Kf4 61. fxg3+ 1-0

[Event "2021 FIDE Online Olympiad"]
[Site "Chess.com"]
[Date "2021.08.28"]
[Round "6.5"]
[White "Okemakinde, Toluwanimi"]
[Black "Fowler, Hugo"]
[Result "0-1"]
[WhiteElo "1975"]
[BlackElo "1686"]
[PlyCount "76"]
[EventDate "2021.08.27"]
[EventType "team"]
[EventRounds "9"]
[SourceVersionDate "2018.05.14"]
[WhiteTeam "Nigeria"]
[BlackTeam "Wales"]
[WhiteTeamCountry "NGR"]
[BlackTeamCountry "WLS"]

1. e4 e5 2. Nf3 Nc6 3. Bb5 a6 4. Ba4 Nf6 5. d3 b5 6. Bb3 Bc5 7. c3 d6 8. Nbd2
Bb6 9. Qe2 Ne7 10. Nf1 Ng6 11. g3 O-O 12. Be3 h6 13. Bxb6 cxb6 14. Ne3 Be6 15.
O-O Re8 16. Rfe1 a5 17. Bxe6 fxe6 18. d4 exd4 19. Nxd4 Nxe4 20. Qg4 Ng5 21. f4
e5 22. fxg5 exd4 23. gxh6 dxe3 24. Qxg6 Qf6 25. Qxg7+ Qxg7 26. hxg7 Kxg7 27.
Rad1 Re6 28. Rd3 e2 29. Kf2 Rf8+ 30. Rf3 Rfe8 31. g4 Kg6 32. Kg3 b4 33. h4 bxc3
34. bxc3 Re3 35. Kf2 R3e4 36. Kg3 Re3 37. Kf4 R8e4+ 38. Kg3 Re8 0-1

[Event "2021 FIDE Online Olympiad"]
[Site "Chess.com"]
[Date "2021.08.28"]
[Round "6.6"]
[White "Ray, Hiya"]
[Black "Pelomoh, Jessica"]
[Result "1-0"]
[WhiteElo "1542"]
[BlackElo "1737"]
[PlyCount "117"]
[EventDate "2021.08.27"]
[EventType "team"]
[EventRounds "9"]
[SourceVersionDate "2018.05.14"]
[WhiteTeam "Wales"]
[BlackTeam "Nigeria"]
[WhiteTeamCountry "WLS"]
[BlackTeamCountry "NGR"]

1. d4 Nf6 2. c4 g6 3. Nf3 Bg7 4. Nc3 d6 5. e4 Nbd7 6. Be2 b6 7. Be3 Bb7 8. Qc2
c6 9. O-O O-O 10. Rad1 Qc7 11. h3 Rac8 12. Bf4 e5 13. dxe5 Nxe5 14. Nxe5 dxe5
15. Be3 Rcd8 16. Rxd8 Rxd8 17. Rd1 Ba6 18. Qa4 Rxd1+ 19. Bxd1 Bc8 20. b4 Be6
21. Be2 Qd7 22. b5 cxb5 23. Nxb5 Nxe4 24. Qxa7 Qxa7 25. Nxa7 Nc3 26. Bf1 Nxa2
27. Bxb6 Nb4 28. c5 Bd7 29. Ba5 Nc6 30. Bb5 Nxa7 31. Bxd7 Kf8 32. Bd8 e4 33. c6
Nb5 34. c7 Nxc7 35. Bxc7 Ke7 36. Bc6 f5 37. Bd5 h6 38. Bb6 Kd6 39. Bf7 g5 40.
Bg6 Ke5 41. Ba5 Kf6 42. Bh7 Ke6 43. g4 fxg4 44. hxg4 Kd5 45. Kf1 Bd4 46. Ke2
Ke5 47. Bb4 Kf4 48. Bf5 h5 49. Bd6+ Be5 50. Bxe5+ Kxe5 51. Ke3 h4 52. Bxe4 h3
53. Bh1 h2 54. Kf3 Kd4 55. Kg3 Kd3 56. Kxh2 Ke2 57. Kg3 Kd3 58. f4 gxf4+ 59.
Kxf4 1-0